[Event "EU-chT (Women) 2nd"]
[Site "Pula"]
[Date "1997.??.??"]
[Round "1"]
[White "Foisor, Cristina Adela B"]
[Black "De Kleuver, Esther"]
[Result "1-0"]
[WhiteElo "2400"]
[BlackElo "2190"]
[PlyCount "103"]
[EventDate "1997.05.05"]
[EventType "team-swiss"]
[EventRounds "9"]
[EventCountry "CRO"]
[SourceTitle "EXT 2020"]
[Source "ChessBase"]
[SourceDate "2019.10.17"]
[SourceVersion "1"]
[SourceVersionDate "2019.10.17"]
[SourceQuality "1"]
[WhiteTeam "Romania (W)"]
[BlackTeam "Netherlands (W)"]
[WhiteTeamCountry "ROU"]
[BlackTeamCountry "NED"]

1. c4 e6 2. g3 d5 3. Bg2 c6 4. Qc2 Nf6 5. Nf3 Bd6 6. d4 Nbd7 7. 0-0 0-0 8. b3 e5 9. dxe5 Nxe5 10. Bb2 Qe7 11. Nbd2 Re8 12. Nd4 Neg4 13. cxd5 cxd5 14. Nb5 Bc5 15. Nf3 Bd7 16. Nbd4 Ne4 17. Qd3 Ngxf2 18. Rxf2 Nxf2 19. Kxf2 a6 20. Kf1 Rac8 21. a4 Bg4 22. Rd1 h6 23. h3 Bd7 24. g4 Qd6 25. Bc3 Qf4 26. Bd2 Qg3 27. Be1 Qf4 28. Bf2 Re4 29. e3 Qf6 30. Kg1 Rce8 31. Qd2 Qb6 32. Ne1 R4e7 33. Nec2 Bc6 34. a5 Qa7 35. b4 Bd6 36. Nf5 Re6 37. Ncd4 Rf6 38. e4 Qb8 39. exd5 Bh2+ 40. Kh1 Bd7 41. Bh4 Bf4 42. Qc3 g5 43. Bf2 Be5 44. Qd3 Qc8 45. Be4 Ba4 46. Re1 Qd7 47. Nf3 Bf4 48. Bd4 Rg6 49. Bc5 Bb5 50. Qd4 Kh7 51. Ne7 h5 52. Bf5 1-0

[Event "Cannes op-B 18th"]
[Site "Cannes"]
[Date "1997.??.??"]
[Round "8"]
[White "Vujovic, Milorad"]
[Black "De Kleuver, Esther"]
[Result "1-0"]
[WhiteElo "2255"]
[BlackElo "2190"]
[PlyCount "69"]
[EventDate "1997.02.22"]
[EventType "swiss"]
[EventRounds "9"]
[EventCountry "FRA"]
[SourceTitle "CBM 057 Extra"]
[Source "ChessBase"]
[SourceDate "1997.05.01"]
[SourceVersion "1"]
[SourceVersionDate "1997.05.01"]
[SourceQuality "1"]

1. e4 c5 2. Nf3 e6 3. Nc3 d6 4. g3 Nc6 5. Bg2 Nf6 6. 0-0 Be7 7. d4 cxd4 8. Nxd4 Bd7 9. Ndb5 Qb8 10. a4 0-0 11. Bg5 Rd8 12. Bxf6 gxf6 13. Qd2 a6 14. Na3 Qc7 15. f4 Rac8 16. Kh1 Be8 17. Rad1 Na5 18. Qe2 Nc4 19. Nxc4 Qxc4 20. Rd3 b5 21. axb5 axb5 22. Qg4+ Kh8 23. Qh5 Rc5 24. f5 Bf8 25. Qh4 Bg7 26. fxe6 fxe6 27. Rxf6 Ra8 28. Rdf3 Bc6 29. Bf1 Qd4 30. Rxe6 b4 31. Ne2 Qd2 32. Nf4 Kg8 33. Re7 Qd1 34. Rxg7+ Kxg7 35. Ne6+ 1-0

[Event "Reykjavik op"]
[Site "Reykjavik"]
[Date "1996.??.??"]
[Round "2"]
[White "De Kleuver, Esther"]
[Black "Ragnarsson, Johann Hjortur"]
[Result "1-0"]
[WhiteElo "2210"]
[BlackElo "2130"]
[PlyCount "91"]
[EventDate "1996.03.??"]
[EventType "swiss"]
[EventRounds "9"]
[EventCountry "ISL"]
[SourceTitle "CBM 052"]
[Source "ChessBase"]
[SourceDate "1996.06.01"]
[SourceVersion "1"]
[SourceVersionDate "1996.06.01"]
[SourceQuality "1"]

1. e4 c6 2. d4 d5 3. Nd2 dxe4 4. Nxe4 Bf5 5. Ng3 Bg6 6. Nf3 Nd7 7. Bd3 Bxd3 8. Qxd3 Qc7 9. 0-0 e6 10. b3 Ngf6 11. c4 Bd6 12. Bb2 0-0 13. Rfe1 Rad8 14. Rad1 h6 15. Qc2 b5 16. Ne5 bxc4 17. bxc4 Bb4 18. Re3 Nxe5 19. dxe5 Rxd1+ 20. Qxd1 Rd8 21. Qb3 Bc5 22. exf6 Bxe3 23. fxe3 Rb8 24. Qa3 Qb6 25. Bd4 Qb1+ 26. Nf1 g6 27. Qxa7 Rb7 28. Qa8+ Rb8 29. Qxc6 Qxa2 30. c5 Qc4 31. Be5 Rd8 32. h3 h5 33. Bc7 Rf8 34. Bd6 Rd8 35. Qb7 e5 36. c6 Qe6 37. c7 Rc8 38. Bxe5 h4 39. Bd4 Re8 40. Qb5 Rc8 41. Qg5 Kf8 42. Qxh4 Ke8 43. Qf4 Kd7 44. Be5 Ra8 45. Qd4+ Kc8 46. Qd8+ 1-0